|
|
|
|
| LEADER |
00000cam a22000004a 4500 |
| 001 |
musev2_73631 |
| 003 |
MdBmJHUP |
| 005 |
20230905051611.0 |
| 006 |
m o d |
| 007 |
cr||||||||nn|n |
| 008 |
121126s2012 nyu o 00 0 eng d |
| 020 |
|
|
|a 9781580467889
|
| 020 |
|
|
|z 9781580464338
|
| 035 |
|
|
|a (OCoLC)1227050602
|
| 040 |
|
|
|a MdBmJHUP
|c MdBmJHUP
|
| 100 |
1 |
|
|a Fang, Xiaoping.
|
| 245 |
1 |
0 |
|a Barefoot Doctors and Western Medicine in China /
|c Xiaoping Fang.
|
| 264 |
|
1 |
|a Rochester, NY :
|b University of Rochester Press,
|c 2012.
|
| 264 |
|
3 |
|a Baltimore, Md. :
|b Project MUSE,
|c 2021
|
| 264 |
|
4 |
|c ©2012.
|
| 300 |
|
|
|a 1 online resource (310 pages):
|b illustrations, maps
|
| 336 |
|
|
|a text
|b txt
|2 rdacontent
|
| 337 |
|
|
|a computer
|b c
|2 rdamedia
|
| 338 |
|
|
|a online resource
|b cr
|2 rdacarrier
|
| 490 |
0 |
|
|a Rochester studies in medical history,
|x 1526-2715 ;
|v v. 23
|
| 505 |
0 |
0 |
|t Introduction --
|g 1.
|t Village healers, medical pluralism, and state medicine --
|g 2.
|t Revolutionizing knowledge transmission structures --
|g 3.
|t Pharmaceuticals reach the villages --
|g 4.
|t Healing styles and medical beliefs : the consumption of Chinese and Western medicines --
|g 5.
|t Relocating illness : the shift from home bedside to hospital ward --
|g 6.
|t Group identity, power relationships, and medical legitimacy --
|g 7.
|t Conclusion --
|g appendix 1.
|t The organization of the three-tiered medical system in rural China, 1968-83 --
|g appendix 2.
|t Common medicines in Chinese villages during the 1960s-70s.
|
| 588 |
|
|
|a Description based on print version record.
|
| 650 |
|
7 |
|a Medicine, Chinese.
|2 fast
|0 (OCoLC)fst01015214
|
| 650 |
|
7 |
|a Medicine.
|2 fast
|0 (OCoLC)fst01014893
|
| 650 |
|
2 |
|a Delivery of Health Care
|x history.
|
| 650 |
|
0 |
|a Medicine
|z China
|v Cross-cultural studies.
|
| 650 |
|
0 |
|a Medicine, Chinese
|z China
|x History.
|
| 651 |
|
7 |
|a China.
|2 fast
|0 (OCoLC)fst01206073
|
| 651 |
|
2 |
|a China.
|
| 655 |
|
7 |
|a History.
|2 fast
|0 (OCoLC)fst01411628
|
| 655 |
|
7 |
|a Cross-cultural studies.
|2 fast
|0 (OCoLC)fst01423769
|
| 655 |
|
7 |
|a Electronic books.
|2 local
|
| 710 |
2 |
|
|a ProQuest (Firm)
|
| 710 |
2 |
|
|a Project Muse.
|e distributor
|
| 830 |
|
0 |
|a Book collections on Project MUSE.
|
| 856 |
4 |
0 |
|z Texto completo
|u https://projectmuse.uam.elogim.com/book/73631/
|
| 945 |
|
|
|a Project MUSE - Custom Collection
|
| 945 |
|
|
|a Project MUSE - Archive Complete Supplement IX
|
| 945 |
|
|
|a Project MUSE - Archive Public Health and Health Policy Supplement II
|
| 945 |
|
|
|a Project MUSE - Archive Asian and Pacific Studies Supplement VIII
|